000 00808nam a2200253 a 4500
001 63066
003 BD-RjUL
005 20211209081145.0
008 170128s1992 enk b 001 0 eng d
020 _a0582061555 (ppr)
020 _a0582061563
035 _a(BD-RjUL)63194
040 _aBD-RjUL
_beng
_cBD-RjUL
_dBD-RjUL
041 _aeng
082 _223
_a823.912
_bDHL 1992
245 1 0 _aD.H. Lawrence /
_cedited and introduced by Peter Widdowson
260 _aLondon :
_bLongman,
_cc1992
300 _axi, 204 p. :
_bill. ;
_c22 cm
504 _aIncludes bibliographical references and index
600 1 0 _aLawrence, D. H.
_q(David Herbert),
_d1885-1930
_xCriticism and interpretation.
_9187492
700 1 _aWiddowson, Peter.
_9187614
830 0 _aLongman critical readers
_9187623
942 _2ddc
_cBK
999 _c63066
_d63066